000
00317nam a22001457a 4500
008
210531b ||||| |||| 00| 0 eng d
020
_a
9780521565974
041
_a
eng
080
_2
2nd
_a
91
082
_a
91
100
_a
42
101
_a
GJEO
245
_a
The Cambridge Factfinder
_c
Crystal,D
942
_2
udc
_c
BK
999
_c
57871
_d
57871